[Event "Tradewise Gibraltar Chess Festival 2013"]
[Site "Gibraltar ENG"]
[Date "2013.01.26"]
[Round "5.78"]
[White "Novoa, Fernando"]
[Black "Zygouris, Hristos"]
[Result "1/2-1/2"]
[WhiteElo "2017"]
[BlackElo "2218"]
[PlyCount "129"]
[EventDate "2013.01.22"]
[EventType "swiss"]
[EventRounds "10"]
[EventCountry "ENG"]
[Source "lmi"]
[SourceDate "2013.01.22"]

1. d4 f5 2. c4 Nf6 3. g3 g6 4. Bg2 Bg7 5. Nf3 O-O 6. O-O d6 7. Nc3 c6 8. Qc2
Na6 9. b3 Qa5 10. Bb2 e5 11. dxe5 dxe5 12. e4 Nc5 13. Nh4 f4 14. Nf3 fxg3 15.
hxg3 Ng4 16. Nh2 Nxh2 17. Kxh2 Ne6 18. Ne2 Nd4 19. Nxd4 exd4 20. c5 Be6 21.
Rfd1 Rad8 22. Rd3 Rf7 23. Bh3 Bxh3 24. Kxh3 b6 25. cxb6 axb6 26. Kg2 Qa6 27. a4
c5 28. Rc1 Rdf8 29. f3 Bh6 30. Rf1 Be3 31. Bc1 Bxc1 32. Rxc1 h5 33. Qc4 Qxc4
34. Rxc4 Ra7 35. f4 Kg7 36. Kf3 Kf6 37. Rd2 g5 38. Rh2 gxf4 39. gxf4 Rh8 40.
Rc1 Ke6 41. Rch1 Rah7 42. Rg1 Rh6 43. Rg5 Kd6 44. Rg7 h4 45. Rh3 R8h7 46. Rg4
b5 47. axb5 Rb7 48. f5 Ke5 49. Rg8 Rxb5 50. Re8+ Kd6 51. Kf4 Kd7 52. Re5 Rd6
53. Rd5 Rxd5 54. exd5 Kd6 55. Ke4 Rb4 56. f6 d3+ 57. Kf5 d2 58. Rh1 Rxb3 59.
Rd1 Rf3+ 60. Kg6 Rf2 61. f7 Rg2+ 62. Kf6 Rf2+ 63. Kg7 Rg2+ 64. Kf6 Rf2+ 65. Kg7
1/2-1/2

[Event "Tradewise Gibraltar Chess Festival 2013"]
[Site "Gibraltar ENG"]
[Date "2013.01.26"]
[Round "5.79"]
[White "Onabogun, Kolade"]
[Black "Lind, Jan-Olof"]
[Result "0-1"]
[WhiteElo "1978"]
[BlackElo "2217"]
[PlyCount "106"]
[EventDate "2013.01.22"]
[EventType "swiss"]
[EventRounds "10"]
[EventCountry "ENG"]
[Source "lmi"]
[SourceDate "2013.01.22"]

1. e4 c5 2. Nf3 g6 3. c3 Bg7 4. d4 cxd4 5. cxd4 d5 6. e5 Bg4 7. Nbd2 Nc6 8. Bd3
e6 9. h3 Bxf3 10. Nxf3 Nge7 11. Bd2 O-O 12. O-O Qb6 13. Bc3 Rae8 14. Qd2 a6 15.
Rfe1 Qa7 16. h4 h5 17. Rad1 b5 18. a3 Rb8 19. Qf4 a5 20. g4 f6 21. gxh5 fxe5
22. Qg4 Rxf3 23. Qxf3 b4 24. h6 Bxh6 25. Bd2 Nxd4 26. Qg4 Bxd2 27. Rxd2 e4 28.
Bxe4 dxe4 29. Rxe4 Ndf5 30. axb4 Rxb4 31. Rxb4 axb4 32. Qxb4 Qa1+ 33. Kh2 Kf7
34. Qg4 Qc1 35. Re2 Qc7+ 36. Kh3 Nd5 37. Re4 Qc1 38. Qf3 Qxb2 39. Ra4 Qb8 40.
Qa3 Qb5 41. Ra7+ Nde7 42. Qa1 Qd3+ 43. Kh2 Qf3 44. Qe1 Qg4 45. Qc3 Qxh4+ 46.
Kg2 Qe4+ 47. Kf1 Nd4 48. Qh3 Ndf5 49. Qh8 Ne3+ 50. Ke2 N3d5+ 51. Kf1 Qc4+ 52.
Kg1 Qg4+ 53. Kf1 Ne3+ 0-1

[Event "Tradewise Gibraltar Chess Festival 2013"]
[Site "Gibraltar ENG"]
[Date "2013.01.26"]
[Round "5.80"]
[White "Becham, Khalid"]
[Black "Sanchez Castillo, Sarai"]
[Result "0-1"]
[WhiteElo "1929"]
[BlackElo "2212"]
[PlyCount "82"]
[EventDate "2013.01.22"]
[EventType "swiss"]
[EventRounds "10"]
[EventCountry "ENG"]
[Source "lmi"]
[SourceDate "2013.01.22"]

1. d4 d5 2. c4 c6 3. Nf3 Nf6 4. Nc3 dxc4 5. a4 Bf5 6. Ne5 e6 7. f3 Bb4 8. e4
Bg6 9. Bxc4 a5 10. O-O Nbd7 11. Qe2 Nxe5 12. dxe5 Qd4+ 13. Be3 Qxe5 14. Rad1
O-O 15. Kh1 Bxc3 16. bxc3 Qxc3 17. Bd4 Qa3 18. Qc2 Qe7 19. Rb1 Rfd8 20. Bb6
Rdb8 21. Rfd1 Nd5 22. Bd4 e5 23. Bf2 Nb4 24. Qc3 b6 25. Rd2 h6 26. Rbd1 Ra7 27.
g4 Kh7 28. Kg2 f6 29. h4 Bf7 30. Bxf7 Qxf7 31. g5 Rbb7 32. gxf6 gxf6 33. Rg1 c5
34. Be3 Rd7 35. Re2 Rd3 36. Qc1 Qh5 37. Qe1 Rg7+ 38. Kh2 Rxg1 39. Qxg1 Qxh4+
40. Kg2 Rd7 41. Qh2 Qxh2+ 0-1

[Event "Tradewise Gibraltar Chess Festival 2013"]
[Site "Gibraltar ENG"]
[Date "2013.01.26"]
[Round "5.81"]
[White "Moreno Tejera, Emilio"]
[Black "Tranter, Stephen"]
[Result "1-0"]
[WhiteElo "2413"]
[BlackElo "1938"]
[PlyCount "89"]
[EventDate "2013.01.22"]
[EventType "swiss"]
[EventRounds "10"]
[EventCountry "ENG"]
[Source "lmi"]
[SourceDate "2013.01.22"]

1. e4 c6 2. d4 d5 3. Nc3 dxe4 4. Nxe4 Nf6 5. Nxf6+ gxf6 6. c3 h5 7. h4 Bg4 8.
Qb3 Qb6 9. Qc2 Qc7 10. Ne2 e6 11. Bf4 Bd6 12. Bxd6 Qxd6 13. Ng3 Nd7 14. Ne4 Qc7
15. Qb3 O-O-O 16. Qa3 Kb8 17. Qd6 Bf5 18. Qxc7+ Kxc7 19. Ng3 Bg6 20. f4 c5 21.
O-O-O cxd4 22. Rxd4 Nb6 23. Rxd8 Rxd8 24. Be2 Nd5 25. f5 exf5 26. Nxh5 Rh8 27.
Bf3 Nxc3 28. Nxf6 Ne4 29. Bxe4 fxe4 30. h5 Bf5 31. g4 Be6 32. Re1 Bxa2 33. Rxe4
Be6 34. Rd4 Kc6 35. Kd2 a5 36. Ke3 b5 37. g5 b4 38. Kf4 Kc5 39. Ke5 a4 40. Ne4+
Kb5 41. h6 Bb3 42. Kf6 Rh7 43. Rd8 a3 44. bxa3 bxa3 45. Rb8+ 1-0

[Event "Tradewise Gibraltar Chess Festival 2013"]
[Site "Gibraltar ENG"]
[Date "2013.01.26"]
[Round "5.82"]
[White "Gieritz, Dietmar"]
[Black "Garcia Jimenez, Francisco Javi"]
[Result "0-1"]
[WhiteElo "2112"]
[BlackElo "2278"]
[PlyCount "92"]
[EventDate "2013.01.22"]
[EventType "swiss"]
[EventRounds "10"]
[EventCountry "ENG"]
[Source "lmi"]
[SourceDate "2013.01.22"]

1. Nf3 c5 2. g3 Nc6 3. d4 cxd4 4. Nxd4 Nf6 5. Bg2 g6 6. Nxc6 bxc6 7. c4 Bg7 8.
Nc3 O-O 9. Qa4 Qb6 10. O-O Qa6 11. Rb1 Qxa4 12. Nxa4 d5 13. Nc5 Bf5 14. e4 Nxe4
15. Nxe4 Bxe4 16. Bxe4 dxe4 17. Be3 Rfd8 18. Bc5 Rd2 19. Rfd1 Rc2 20. Rd7 Rxc4
21. Bxa7 Ra4 22. Bc5 Rxa2 23. Bxe7 Bxb2 24. Kg2 Ba3 25. Rb3 Kg7 26. g4 Bxe7 27.
Rxe7 R8a3 28. Rxa3 Rxa3 29. Rxe4 Rc3 30. f3 g5 31. Re5 h6 32. Kg3 c5 33. Re8 c4
34. Rc8 Rc1 35. h4 gxh4+ 36. Kxh4 c3 37. Kg3 Kf6 38. Kf4 Ke6 39. Rc6+ Kd5 40.
Ra6 Rf1 41. Ra5+ Kd4 42. Ra8 c2 43. Rd8+ Kc3 44. Rc8+ Kd3 45. Rd8+ Ke2 46. Re8+
Kf2 0-1

[Event "Tradewise Gibraltar Chess Festival 2013"]
[Site "Gibraltar ENG"]
[Date "2013.01.26"]
[Round "5.85"]
[White "Nafri, Khalil"]
[Black "Pena Riasco, Alexander"]
[Result "1-0"]
[WhiteElo "2091"]
[BlackElo "2156"]
[PlyCount "63"]
[EventDate "2013.01.22"]
[EventType "swiss"]
[EventRounds "10"]
[EventCountry "ENG"]
[Source "lmi"]
[SourceDate "2013.01.22"]

1. e4 d5 2. exd5 Qxd5 3. Nc3 Qa5 4. d4 Nf6 5. Nf3 c6 6. Bc4 Bf5 7. Bd2 e6 8.
Nd5 Qd8 9. Nxf6+ Qxf6 10. Qe2 Bg4 11. O-O-O Bxf3 12. gxf3 Be7 13. Rhg1 h6 14.
Kb1 b5 15. Bd3 a6 16. Rg4 Bd6 17. d5 cxd5 18. Bc3 e5 19. f4 Qe7 20. fxe5 Bc5
21. Rxg7 b4 22. Rxf7 Qxf7 23. e6 Qg8 24. Qh5+ Ke7 25. Bxh8 Qxe6 26. Bf5 Qc6 27.
Qh4+ Kf7 28. Re1 Ra7 29. Qh5+ Kf8 30. Be6 Bxf2 31. Qxh6+ Ke7 32. Bf6+ 1-0

[Event "Tradewise Gibraltar Chess Festival 2013"]
[Site "Gibraltar ENG"]
[Date "2013.01.26"]
[Round "5.87"]
[White "Grigoryan, Meri"]
[Black "Jameson, David"]
[Result "1-0"]
[WhiteElo "2025"]
[BlackElo "2143"]
[PlyCount "63"]
[EventDate "2013.01.22"]
[EventType "swiss"]
[EventRounds "10"]
[EventCountry "ENG"]
[Source "lmi"]
[SourceDate "2013.01.22"]

1. d4 Nf6 2. Nf3 e6 3. Bf4 d5 4. c3 c5 5. e3 Nc6 6. Nbd2 Bd6 7. Bg5 O-O 8. Bd3
h6 9. Bh4 b6 10. O-O Bb7 11. e4 cxd4 12. exd5 Ne5 13. Ne4 Nxd3 14. Nxf6+ gxf6
15. Qxd3 dxc3 16. Qxc3 Rc8 17. Qe3 Kg7 18. dxe6 Bc5 19. e7 Qxe7 20. Qf4 Rc6 21.
Rfe1 Re6 22. Rxe6 fxe6 23. Ne5 Qe8 24. Qg3+ Kh7 25. Qd3+ Kg7 26. Nd7 Rf7 27.
Qg3+ Kh8 28. Bxf6+ Rxf6 29. Nxf6 Qf7 30. Ng4 h5 31. Ne5 Qf5 32. Nf3 1-0

[Event "Tradewise Gibraltar Chess Festival 2013"]
[Site "Gibraltar ENG"]
[Date "2013.01.26"]
[Round "5.89"]
[White "Diaz Montenegro, Ignacio"]
[Black "Valhondo Morales, Ruben"]
[Result "0-1"]
[WhiteElo "1987"]
[BlackElo "2136"]
[PlyCount "96"]
[EventDate "2013.01.22"]
[EventType "swiss"]
[EventRounds "10"]
[EventCountry "ENG"]
[Source "lmi"]
[SourceDate "2013.01.22"]

1. d4 d5 2. c4 e6 3. Nc3 Nf6 4. Bg5 Be7 5. Nf3 O-O 6. e3 Nbd7 7. cxd5 exd5 8.
Bd3 Re8 9. O-O b6 10. Qc2 Bb7 11. Ne5 h6 12. Bxf6 Bxf6 13. f4 a6 14. Bh7+ Kf8
15. Bf5 Nxe5 16. fxe5 Bg5 17. Rae1 c6 18. Bg6 Re7 19. e6 f6 20. Bf7 Rxf7 21.
exf7 Kxf7 22. Qf2 h5 23. Qf5 Kg8 24. Qe6+ Kh8 25. Qf7 Bc8 26. Qxh5+ Kg8 27. h4
Bh6 28. e4 Be6 29. exd5 Bf7 30. Qf5 cxd5 31. g4 Qd6 32. Rf3 Bd2 33. Re2 Bc1 34.
g5 Bh5 35. Re6 Qd7 36. Rxb6 Be3+ 37. Kf1 Qxf5 38. Rxf5 Bg4 39. Rxd5 fxg5 40.
Rdd6 Rf8+ 41. Ke1 gxh4 42. Nd5 Bf2+ 43. Kd2 h3 44. Ne7+ Kh7 45. Ng6 Re8 46. Ne5
Rxe5 47. Rg6 Re2+ 48. Kc3 h2 0-1

[Event "Tradewise Gibraltar Chess Festival 2013"]
[Site "Gibraltar ENG"]
[Date "2013.01.26"]
[Round "5.90"]
[White "Georgieva, Emilia"]
[Black "Linhart, Wolfgang"]
[Result "0-1"]
[WhiteElo "1949"]
[BlackElo "2130"]
[PlyCount "128"]
[EventDate "2013.01.22"]
[EventType "swiss"]
[EventRounds "10"]
[EventCountry "ENG"]
[Source "lmi"]
[SourceDate "2013.01.22"]

1. d4 Nf6 2. Nf3 g6 3. c3 Bg7 4. Bf4 d6 5. Qb3 O-O 6. Nbd2 c6 7. e4 Qb6 8. Qc2
d5 9. e5 Nh5 10. Be3 f5 11. exf6 exf6 12. O-O-O Bf5 13. Bd3 Bxd3 14. Qxd3 f5
15. g3 Nd7 16. Ng5 Rfe8 17. f4 Nhf6 18. Ngf3 Qa5 19. Kb1 Ne4 20. Ne5 Nxd2+ 21.
Rxd2 Nf6 22. Rg2 Re7 23. h3 Ne4 24. g4 Bxe5 25. dxe5 Rf8 26. gxf5 Rxf5 27. h4
Kf7 28. h5 gxh5 29. Rg5 Rxg5 30. fxg5 Qb5 31. Qd4 Kg6 32. a4 Qc4 33. Qxa7 Nxc3+
34. bxc3 Qb3+ 35. Ka1 Qa3+ 36. Kb1 Qb3+ 37. Ka1 Qxc3+ 38. Kb1 Qb3+ 39. Ka1 Qa3+
40. Kb1 Rxe5 41. Re1 Qc3 42. Bd2 Rxe1+ 43. Bxe1 Qxe1+ 44. Kc2 Qe4+ 45. Kd2 Qb4+
46. Ke2 Kxg5 47. Qa8 Qe7+ 48. Kd2 h4 49. Qg8+ Kf6 50. Qc8 c5 51. Qg4 Qe4 52.
Qd7 d4 53. Qd6+ Kf7 54. Qd7+ Qe7 55. Qf5+ Kg7 56. Kd3 Qf6 57. Qc8 Qf3+ 58. Kd2
Qe4 59. Qd7+ Kf6 60. Qd8+ Kf5 61. a5 Kg4 62. Qd7+ Kf3 63. Qd6 Kg2 64. Qxc5 Qe3+
0-1

[Event "Tradewise Gibraltar Chess Festival 2013"]
[Site "Gibraltar ENG"]
[Date "2013.01.26"]
[Round "5.91"]
[White "Cawley, Paul F"]
[Black "Canonne, Antoine"]
[Result "1-0"]
[WhiteElo "2113"]
[BlackElo "2002"]
[PlyCount "99"]
[EventDate "2013.01.22"]
[EventType "swiss"]
[EventRounds "10"]
[EventCountry "ENG"]
[Source "lmi"]
[SourceDate "2013.01.22"]

1. e4 Nc6 2. d4 e5 3. d5 Nce7 4. Nf3 Ng6 5. h4 h5 6. Bg5 f6 7. Be3 d6 8. Be2
Bg4 9. c4 N8e7 10. Nc3 Nf4 11. Bxf4 exf4 12. Nd4 Bxe2 13. Ncxe2 Ng6 14. Ne6 Qe7
15. Qb3 c5 16. O-O-O Kf7 17. g3 fxg3 18. Qxg3 Ne5 19. f4 Ng4 20. f5 g5 21.
fxg6+ Kxg6 22. N2f4+ Kh7 23. Nxh5 Bh6+ 24. Kb1 Rhg8 25. Qf3 Rg6 26. Ng3 Ne5 27.
Qf5 Kh8 28. Qh5 Qh7 29. Nf5 Nf7 30. Qf3 Ne5 31. Qb3 Bf8 32. Nxf8 Rxf8 33. Nxd6
Rb8 34. Nf5 Rg4 35. Qc2 b5 36. cxb5 Rxb5 37. Rhg1 Qg6 38. Rxg4 Qxg4 39. Ne3 Qf3
40. d6 Qxe3 41. d7 Nxd7 42. Rxd7 Qg1+ 43. Rd1 Qg6 44. a3 Rb8 45. Ka1 Rc8 46.
Qf2 Rc6 47. Rg1 Qh7 48. Qf4 Rb6 49. e5 f5 50. e6 1-0

[Event "Tradewise Gibraltar Chess Festival 2013"]
[Site "Gibraltar ENG"]
[Date "2013.01.26"]
[Round "5.92"]
[White "Lyell, Mark"]
[Black "Suez-Panama, Gilles"]
[Result "0-1"]
[WhiteElo "2235"]
[BlackElo "1989"]
[PlyCount "92"]
[EventDate "2013.01.22"]
[EventType "swiss"]
[EventRounds "10"]
[EventCountry "ENG"]
[Source "lmi"]
[SourceDate "2013.01.22"]

1. e4 e6 2. d4 d5 3. e5 c5 4. c3 Nc6 5. Nf3 Nge7 6. Na3 Nf5 7. Nc2 a5 8. Ne3
Nh4 9. Nxh4 Qxh4 10. g3 Qd8 11. Bg2 cxd4 12. cxd4 Bb4+ 13. Bd2 Qb6 14. Nc2
Bxd2+ 15. Qxd2 Qxb2 16. Ke2 Qxc2 17. Qxc2 Nxd4+ 18. Kd2 Nxc2 19. Kxc2 Bd7 20.
Rab1 b5 21. Kd2 Ke7 22. Bf1 b4 23. Bd3 Rhc8 24. h4 h6 25. h5 Rc3 26. Rh4 Rac8
27. Rd4 Ba4 28. Rb2 R8c5 29. Rg4 Kf8 30. Rf4 Kg8 31. Rh4 Bb5 32. Bxb5 Rxb5 33.
Rh1 Rbc5 34. Rg1 f6 35. exf6 gxf6 36. f4 R5c4 37. Rg2 a4 38. Re2 Rd4+ 39. Ke1
Kf7 40. Kf2 b3 41. axb3 axb3 42. Rb1 Ra4 43. Rbb2 Ke7 44. Kg2 Re4 45. Rf2 Ree3
46. g4 Rg3+ 0-1

[Event "Tradewise Gibraltar Chess Festival 2013"]
[Site "Gibraltar ENG"]
[Date "2013.01.26"]
[Round "5.93"]
[White "Marttala, Thomas"]
[Black "Skrabakova, Katarina"]
[Result "1-0"]
[WhiteElo "2217"]
[BlackElo "1991"]
[PlyCount "49"]
[EventDate "2013.01.22"]
[EventType "swiss"]
[EventRounds "10"]
[EventCountry "ENG"]
[Source "lmi"]
[SourceDate "2013.01.22"]

1. e4 c5 2. Nc3 Nc6 3. f4 g6 4. Nf3 Bg7 5. Bb5 Nd4 6. Nxd4 cxd4 7. Ne2 e6 8. c3
a6 9. Bd3 dxc3 10. bxc3 Ne7 11. O-O O-O 12. f5 exf5 13. exf5 Nc6 14. Ba3 d6 15.
fxg6 fxg6 16. Qb3+ Kh8 17. Rxf8+ Qxf8 18. Rf1 Qe7 19. Nf4 Ne5 20. Be4 Rb8 21.
Qd5 b5 22. Bxd6 Qa7+ 23. d4 Bb7 24. Bxb8 Bxd5 25. Bxa7 1-0

[Event "Tradewise Gibraltar Chess Festival 2013"]
[Site "Gibraltar ENG"]
[Date "2013.01.26"]
[Round "5.94"]
[White "Urbina Perez, Juan Antonio"]
[Black "Rios Gonzalez, Jose Antonio"]
[Result "1-0"]
[WhiteElo "2214"]
[BlackElo "1990"]
[PlyCount "55"]
[EventDate "2013.01.22"]
[EventType "swiss"]
[EventRounds "10"]
[EventCountry "ENG"]
[Source "lmi"]
[SourceDate "2013.01.22"]

1. e4 e5 2. Nf3 Nc6 3. Bb5 a6 4. Ba4 Nf6 5. Qe2 Be7 6. c3 b5 7. Bb3 O-O 8. d4
d6 9. Nbd2 Bd7 10. O-O Re8 11. Ng5 Rf8 12. f4 h6 13. Nxf7 Rxf7 14. Bxf7+ Kxf7
15. fxe5 dxe5 16. dxe5 Bc5+ 17. Kh1 Nxe5 18. Qh5+ Ke6 19. Qe2 Ke7 20. Nf3 Bg4
21. Qe1 Bxf3 22. gxf3 Qd3 23. Bf4 Ng6 24. Rd1 Nxf4 25. Rxd3 Nxd3 26. Qg3 Bb6
27. f4 Rd8 28. Qxg7+ 1-0

[Event "Tradewise Gibraltar Chess Festival 2013"]
[Site "Gibraltar ENG"]
[Date "2013.01.26"]
[Round "5.95"]
[White "Aerni, Andreas"]
[Black "Campos Calvo-Sotelo, Juan"]
[Result "0-1"]
[WhiteElo "2206"]
[BlackElo "1978"]
[PlyCount "38"]
[EventDate "2013.01.22"]
[EventType "swiss"]
[EventRounds "10"]
[EventCountry "ENG"]
[Source "lmi"]
[SourceDate "2013.01.22"]

1. e4 e6 2. d4 a6 3. Nf3 b5 4. Bd3 c5 5. c3 Nf6 6. O-O Bb7 7. Qe2 Nc6 8. d5 Ne7
9. d6 Ng6 10. e5 Bxf3 11. gxf3 Nd5 12. Qe4 c4 13. Bc2 f5 14. exf6 Qxf6 15. Re1
Kf7 16. Qg4 Bxd6 17. Bg5 h5 18. Qg2 Ngf4 19. Qg3 Qxg5 0-1

[Event "Tradewise Gibraltar Chess Festival 2013"]
[Site "Gibraltar ENG"]
[Date "2013.01.26"]
[Round "5.96"]
[White "Sielicki, Tomasz"]
[Black "Veltkamp, Gerben"]
[Result "0-1"]
[WhiteElo "1969"]
[BlackElo "2200"]
[PlyCount "104"]
[EventDate "2013.01.22"]
[EventType "swiss"]
[EventRounds "10"]
[EventCountry "ENG"]
[Source "lmi"]
[SourceDate "2013.01.22"]

1. d4 d5 2. c4 dxc4 3. Nf3 Nf6 4. Nc3 a6 5. e4 e6 6. Bxc4 b5 7. Bd3 b4 8. Na4
Bb7 9. Qe2 Nbd7 10. O-O c5 11. d5 exd5 12. exd5+ Qe7 13. Qc2 Qd6 14. Re1+ Be7
15. Bg5 Kf8 16. Rad1 Re8 17. Bf5 g6 18. Bh6+ Kg8 19. Re6 Qb8 20. d6 Bf8 21.
Rxe8 Qxe8 22. Re1 Qb8 23. Bxf8 Nxf8 24. Qxc5 Bxf3 25. gxf3 gxf5 26. Qc7 N8d7
27. Re7 Qxc7 28. dxc7 Kg7 29. Kf1 Rc8 30. Ke2 Kf8 31. Re3 Rxc7 32. Kd2 Rc4 33.
b3 Rh4 34. Nb2 Rxh2 35. Nd3 a5 36. Re1 h5 37. Rc1 Kg7 38. Ke2 Nd5 39. f4 Nc3+
40. Kd2 Nf6 41. a4 Nfe4+ 42. Ke3 f6 43. Nb2 Nxf2 44. Nc4 Ng4+ 45. Kd3 Rh3+ 46.
Kd2 Ne4+ 47. Ke2 Rxb3 48. Nxa5 Re3+ 49. Kf1 h4 50. Nb7 Ng3+ 51. Kg2 Re2+ 52.
Kg1 h3 0-1

[Event "Tradewise Gibraltar Chess Festival 2013"]
[Site "Gibraltar ENG"]
[Date "2013.01.26"]
[Round "5.97"]
[White "Byron, Alan M"]
[Black "Rydell, Marten"]
[Result "1-0"]
[WhiteElo "2167"]
[BlackElo "1960"]
[PlyCount "145"]
[EventDate "2013.01.22"]
[EventType "swiss"]
[EventRounds "10"]
[EventCountry "ENG"]
[Source "lmi"]
[SourceDate "2013.01.22"]

1. e4 e6 2. d4 d5 3. e5 c5 4. c3 Nc6 5. Nf3 Qb6 6. a3 f6 7. Bd3 fxe5 8. Nxe5
Nf6 9. O-O Bd6 10. Nxc6 bxc6 11. dxc5 Bxc5 12. b4 Bd6 13. Be3 Qc7 14. h3 a5 15.
Nd2 O-O 16. Nb3 axb4 17. axb4 Rxa1 18. Qxa1 Qf7 19. Bc5 Bxc5 20. Nxc5 e5 21.
Be2 Nh5 22. Bxh5 Qxh5 23. Qd1 Qg5 24. Qc1 Qh5 25. Qe3 Qf5 26. Ra1 h6 27. Ra7
Qf6 28. Nd3 e4 29. Nc5 Qg6 30. Kh2 Qf6 31. Rc7 Bf5 32. Nb3 Bg6 33. Nd4 Be8 34.
Qg3 Rf7 35. Rxf7 Kxf7 36. Kg1 Kf8 37. Qe3 Kf7 38. Ne2 Kf8 39. Qc5+ Kf7 40. Nd4
Qe7 41. Qxe7+ Kxe7 42. Kf1 Bd7 43. Ke2 Kd6 44. Nb3 Bc8 45. Nc5 Ke5 46. Ke3 h5
47. h4 g6 48. Nb3 Be6 49. Nd4 Bd7 50. Ne2 Be6 51. Nf4 Bf7 52. Ne2 Be6 53. Nd4
Bd7 54. f3 Be8 55. fxe4 dxe4 56. c4 Bd7 57. g3 Be8 58. b5 cxb5 59. cxb5 Bd7 60.
b6 Bc8 61. Nc6+ Kd6 62. Na5 Bf5 63. Kd4 Kd7 64. Nc4 Kc6 65. Ke3 Kd7 66. Nd2 Kc6
67. Nxe4 Kxb6 68. Nd6 Bb1 69. Kf4 Kc6 70. Nf7 Kd5 71. Nh8 Ke6 72. Kg5 Bd3 73.
Nxg6 1-0

[Event "Tradewise Gibraltar Chess Festival 2013"]
[Site "Gibraltar ENG"]
[Date "2013.01.26"]
[Round "5.98"]
[White "Herbold, Manfred"]
[Black "Nwachukwu, Chino"]
[Result "0-1"]
[WhiteElo "2164"]
[BlackElo "1962"]
[PlyCount "92"]
[EventDate "2013.01.22"]
[EventType "swiss"]
[EventRounds "10"]
[EventCountry "ENG"]
[Source "lmi"]
[SourceDate "2013.01.22"]

1. e4 c5 2. d4 cxd4 3. c3 dxc3 4. Nxc3 e6 5. Nf3 Bb4 6. Qd4 Bxc3+ 7. bxc3 Nf6
8. e5 Nc6 9. Qd2 Ne4 10. Qc2 f5 11. exf6 Nxf6 12. Ba3 d5 13. Bd3 Qa5 14. Bd6
Qd8 15. Ba3 Qa5 16. Bd6 Qd8 17. Be5 Nxe5 18. Nxe5 O-O 19. O-O Qc7 20. f4 Bd7
21. Rf3 Rac8 22. Rh3 h6 23. Re1 Bb5 24. Bxb5 Qb6+ 25. Ree3 Qxb5 26. Rxh6 Ne4
27. Rxe4 Qc5+ 28. Kh1 Qxc3 29. Qxc3 Rxc3 30. Re1 gxh6 31. g3 Rc2 32. Ng6 Re8
33. f5 Kf7 34. Ne5+ Kf6 35. fxe6 Rxe6 36. Ng4+ Ke7 37. Ne3 Rxa2 38. Nxd5+ Kd6
39. Rd1 Kc5 40. Nf4 Re3 41. Nd3+ Kc4 42. Nf4 b5 43. g4 b4 44. h4 b3 45. g5 hxg5
46. hxg5 b2 0-1

[Event "Tradewise Gibraltar Chess Festival 2013"]
[Site "Gibraltar ENG"]
[Date "2013.01.26"]
[Round "5.99"]
[White "Openshaw, David K"]
[Black "Mckenna, Jason P"]
[Result "1/2-1/2"]
[WhiteElo "1923"]
[BlackElo "2110"]
[PlyCount "61"]
[EventDate "2013.01.22"]
[EventType "swiss"]
[EventRounds "10"]
[EventCountry "ENG"]
[Source "lmi"]
[SourceDate "2013.01.22"]

1. d4 g6 2. e4 Bg7 3. Nc3 d6 4. Be3 a6 5. Be2 b5 6. a3 Bb7 7. Bf3 Nd7 8. Nge2
e5 9. d5 Ne7 10. h4 h5 11. Ng1 Nf6 12. Nh3 Bc8 13. Ng5 Bd7 14. Be2 c5 15. dxc6
Bxc6 16. O-O d5 17. exd5 Nfxd5 18. Nxd5 Qxd5 19. Bf3 Qxd1 20. Bxc6+ Nxc6 21.
Rfxd1 Rd8 22. Rxd8+ Nxd8 23. Rd1 Nb7 24. a4 b4 25. Ne4 O-O 26. Nc5 Nxc5 27.
Bxc5 Rc8 28. Bxb4 Rxc2 29. Rd8+ Kh7 30. Bc3 e4 31. Re8 1/2-1/2

[Event "Tradewise Gibraltar Chess Festival 2013"]
[Site "Gibraltar ENG"]
[Date "2013.01.26"]
[Round "5.100"]
[White "Othman, Mustapha"]
[Black "Samu, Sorin-Mihai"]
[Result "0-1"]
[WhiteElo "1878"]
[BlackElo "2095"]
[PlyCount "118"]
[EventDate "2013.01.22"]
[EventType "swiss"]
[EventRounds "10"]
[EventCountry "ENG"]
[Source "lmi"]
[SourceDate "2013.01.22"]

1. e4 Nc6 2. Nf3 Nf6 3. e5 Ng8 4. d4 e6 5. Bd3 d6 6. O-O dxe5 7. dxe5 Nge7 8.
Nc3 Ng6 9. Re1 Be7 10. a3 O-O 11. b4 a6 12. Na4 b5 13. Nb2 Bb7 14. c4 bxc4 15.
Nxc4 Qe8 16. Be3 Rd8 17. Qe2 Rd7 18. Rac1 Qa8 19. Be4 Rfd8 20. Red1 Nd4 21.
Rxd4 Bxe4 22. Rxd7 Rxd7 23. Ncd2 Bd3 24. Qd1 Qd5 25. Qa4 Bb5 26. Qa5 Bd8 27.
Rc5 Qb7 28. a4 c6 29. axb5 Bxa5 30. bxc6 Rxd2 31. Bxd2 Qb6 32. c7 Qxc5 33. bxc5
Bxc7 34. Bc3 Kf8 35. Kf1 Ke7 36. Ke2 h6 37. Ke3 Kd7 38. g3 Kc6 39. Kd4 Kb5 40.
Bb2 Ne7 41. Kc3 Nc6 42. Nd4+ Kxc5 43. Ba3+ Kd5 44. Nxc6 Kxc6 45. f4 h5 46. Kc4
Bb6 47. h3 g6 48. g4 hxg4 49. hxg4 Be3 50. f5 exf5 51. gxf5 gxf5 52. Bb4 Bc1
53. Bc3 f4 54. Kd4 Kb5 55. Ke4 a5 56. Kf5 a4 57. Kf6 f3 58. e6 fxe6 59. Be1 a3
0-1

[Event "Tradewise Gibraltar Chess Festival 2013"]
[Site "Gibraltar ENG"]
[Date "2013.01.26"]
[Round "5.101"]
[White "Havik, Victor"]
[Black "Agbabishvili, Lali"]
[Result "1-0"]
[WhiteElo "2094"]
[BlackElo "1954"]
[PlyCount "63"]
[EventDate "2013.01.22"]
[EventType "swiss"]
[EventRounds "10"]
[EventCountry "ENG"]
[Source "lmi"]
[SourceDate "2013.01.22"]

1. d4 Nf6 2. c4 g6 3. Nc3 Bg7 4. e4 d6 5. Nf3 O-O 6. Be2 e5 7. O-O exd4 8. Nxd4
Re8 9. f3 c6 10. Kh1 Nbd7 11. Nc2 Nb6 12. Bg5 h6 13. Bh4 d5 14. exd5 cxd5 15.
c5 Nbd7 16. Bb5 g5 17. Bg3 a6 18. Ba4 b5 19. cxb6 Bb7 20. Bc7 Qe7 21. Nd4 Bf8
22. Rc1 Qb4 23. Qd2 Nxb6 24. Bxe8 Rxe8 25. a3 Nc4 26. Qf2 Qc5 27. Bg3 Nxb2 28.
Qxb2 Qxd4 29. Qxb7 Bxa3 30. Rfd1 Qe3 31. Rc2 Nh5 32. Nxd5 1-0

[Event "Tradewise Gibraltar Chess Festival 2013"]
[Site "Gibraltar ENG"]
[Date "2013.01.26"]
[Round "5.102"]
[White "Dennis, Nigel W"]
[Black "Kandic, Milan"]
[Result "0-1"]
[WhiteElo "1904"]
[BlackElo "2090"]
[PlyCount "100"]
[EventDate "2013.01.22"]
[EventType "swiss"]
[EventRounds "10"]
[EventCountry "ENG"]
[Source "lmi"]
[SourceDate "2013.01.22"]

1. e4 c5 2. Nf3 Nc6 3. d4 cxd4 4. Nxd4 e5 5. Nb5 a6 6. Nd6+ Bxd6 7. Qxd6 Qf6 8.
Qxf6 Nxf6 9. f3 d5 10. exd5 Nxd5 11. c3 O-O 12. Na3 e4 13. Bc4 Nf6 14. fxe4
Nxe4 15. Bd5 Bf5 16. O-O Bg6 17. Bxe4 Bxe4 18. Bf4 b5 19. Rfe1 f5 20. Rad1 Rad8
21. Kf2 Rxd1 22. Rxd1 Rd8 23. Rxd8+ Nxd8 24. g3 Kf7 25. Ke3 Kf6 26. h4 h6 27.
Bc7 Nc6 28. b3 b4 29. cxb4 Nxb4 30. Kd4 Nxa2 31. Nc4 Nc1 32. b4 Nd3 33. Kc3 g5
34. hxg5+ Kxg5 35. Ne5 Nf2 36. Nf7+ Kg6 37. Ne5+ Kf6 38. Nd7+ Kg5 39. Nc5 Kg4
40. Nxa6 Nh1 41. Nc5 Ba8 42. b5 Nxg3 43. b6 h5 44. b7 Bxb7 45. Nxb7 h4 46. Nc5
h3 47. Nd3 h2 48. Nf2+ Kf3 49. Bb6 Ne4+ 50. Nxe4 fxe4 0-1

[Event "Tradewise Gibraltar Chess Festival 2013"]
[Site "Gibraltar ENG"]
[Date "2013.01.26"]
[Round "5.103"]
[White "Thornton, John D"]
[Black "Lochte, Szilvia"]
[Result "1/2-1/2"]
[WhiteElo "2053"]
[BlackElo "1923"]
[PlyCount "60"]
[EventDate "2013.01.22"]
[EventType "swiss"]
[EventRounds "10"]
[EventCountry "ENG"]
[Source "lmi"]
[SourceDate "2013.01.22"]

1. c4 Nf6 2. g3 g6 3. Bg2 Bg7 4. Nc3 d6 5. e3 e5 6. Nge2 O-O 7. O-O c6 8. d4
Nbd7 9. b4 Nb6 10. Qb3 exd4 11. Nxd4 c5 12. bxc5 dxc5 13. Ndb5 Be6 14. Rd1 Qe7
15. Na3 Bg4 16. f3 Ne4 17. Nxe4 Bxf3 18. Bxf3 Bxa1 19. Nc2 Bg7 20. Ba3 Rac8 21.
Nc3 Qf6 22. Bxb7 Qxc3 23. Bxc8 Rxc8 24. Qxc3 Bxc3 25. Bc1 Nxc4 26. Kf2 Nb2 27.
Rd7 a5 28. Ke2 c4 29. Ra7 Nd3 30. Bd2 Bxd2 1/2-1/2